书目信息 |
| 题名: |
剑桥欧洲经济史
|
|
| 作者: | Rich , 威尔逊 , Wilson , 里奇 主编 ;高德步 译 | |
| 分册: | 第五卷 近代早期的欧洲经济组织 | |
| 出版信息: | 北京 经济科学出版社 2002 |
|
| 页数: | 11,780页 | |
| 开本: | 26cm | |
| 丛书名: | ||
| 单 册: | ||
| 中图分类: | F150.9 | |
| 科图分类: | ||
| 主题词: | 经济史--欧洲 , 经济组织--欧洲--近代 , 经济组织 , 经济史 | |
| 电子资源: | ||
| ISBN: | 7-5058-3204-2 | |
| 000 | 01246nam0 2200337 450 | |
| 001 | 010700001492 | |
| 005 | 20070804111310.25 | |
| 010 | @a7-5058-3204-2@b精装@dCNY112.00 | |
| 100 | @a20050916d2002 em y0chiy0110 ea | |
| 101 | 1 | @achi |
| 102 | @aCN@b110000 | |
| 105 | @aak z 001yy | |
| 200 | 1 | @a剑桥欧洲经济史@9jian qiao ou zhou jing ji shi@h第五卷@i近代早期的欧洲经济组织@f( )E.E.里奇(E.E.Rich),( )C.H.威尔逊(C.H.Wilson)主编@g高德步等译 |
| 210 | @a北京@c经济科学出版社@d2002 | |
| 215 | @a11,780页@c图@d26cm | |
| 300 | @a“十五”国家重点图书 | |
| 320 | @a有索引 | |
| 330 | @a本卷的重点在于农业和制造业生产体制,商业销售和交换的运转机制,货币、信贷、银行业和种类繁多而复杂的支付形式的构成,以及近代经济的某些社会特征。 | |
| 510 | 1 | @aThe Cambridge Economic History of Europe@hVolume Ⅴ@iThe Economic Organization of Early Modern Europe@zeng |
| 606 | 0 | @a经济史@y欧洲 |
| 606 | 0 | @a经济组织@y欧洲@z近代 |
| 606 | 0 | @a经济组织 |
| 606 | 0 | @a经济史 |
| 690 | @aF150.9@v4 | |
| 701 | 1 | @aRich@bE.E.@4主编 |
| 701 | 1 | @a威尔逊@9wei er xun@bC.H.@4主编 |
| 701 | 1 | @aWilson@bC.H.@4主编 |
| 701 | 1 | @a里奇@9li qi@bE.E.@4主编 |
| 702 | 0 | @a高德步@9gao de bu@4译 |
| 801 | 0 | @aCN@bRENTIAN@c20070804 |
| 905 | @a10447@dF150.9@e152:5 | |
| 剑桥欧洲经济史.第五卷.近代早期的欧洲经济组织/( )E.E.里奇(E.E.Rich),( )C.H.威尔逊(C.H.Wilson)主编/高德步等译.-北京:经济科学出版社,2002 |
| 11,780页:图;26cm |
| “十五”国家重点图书 |
| ISBN 7-5058-3204-2(精装):CNY112.00 |
| 本卷的重点在于农业和制造业生产体制,商业销售和交换的运转机制,货币、信贷、银行业和种类繁多而复杂的支付形式的构成,以及近代经济的某些社会特征。 |
| ● |
| 相关链接 |
|
|
|
|
正题名:剑桥欧洲经济史
索取号:F150.9/152:5
 
预约/预借
| 序号 | 登录号 | 条形码 | 馆藏地/架位号 | 状态 | 备注 |
| 1 | 0807319 | 208073190 | 第一样本阅览室/ [索取号:F150.9/152:5] | 在馆 |